| 000 | 01301nam a2200289Ia 4500 | ||
|---|---|---|---|
| 001 | ebr10047456 | ||
| 003 | CaPaEBR | ||
| 006 | m u | ||
| 007 | cr cn||||||||| | ||
| 008 | 030826s2003 sz ab s 000 0 eng d | ||
| 020 | _z9289013702 | ||
| 040 |
_aCaPaEBR _cCaPaEBR |
||
| 035 | _a(OCoLC)54885976 | ||
| 050 | 1 | 4 |
_aRA407.5.E85 _bA85 2003eb |
| 245 | 0 | 0 |
_aAtlas of health in Europe _h[electronic resource] / _cWorld Health Organization. |
| 260 |
_a[Copenhagen] : _bWHO, _cc2003. |
||
| 300 |
_aviii, 123 p. : _bill., maps. |
||
| 500 | _a" ... basic data on populations, births, deaths, life expectancy and diseases, lifestyle and environmental indicators such as drinking, smoking and traffic accidents, and types and levels of health care." | ||
| 533 |
_aElectronic reproduction. _bPalo Alto, Calif. : _cebrary, _d2005. _nAvailable via World Wide Web. _nAccess may be limited to ebrary affiliated libraries. |
||
| 650 | 0 |
_aHealth status indicators _zEurope _vAtlases. |
|
| 650 | 0 |
_aMedical care _zEurope _vAtlases. |
|
| 650 | 0 |
_aDiseases _zEurope _vAtlases. |
|
| 650 | 0 |
_aHealth _vAtlases. |
|
| 655 | 7 |
_aElectronic books. _2local |
|
| 710 | 2 | _aebrary, Inc. | |
| 856 | 4 | 0 |
_uhttp://site.ebrary.com/lib/rucke/Doc?id=10047456 _zAn electronic book accessible through the World Wide Web; click to view |
| 999 |
_c72085 _d72085 |
||